LEADER 01005nam a2200241 i 4500 001 000000135159 003 CaOOAMICUS 005 20050224000000.0 008 050224s1978 it u000 u ita u 013 $a108454 040 $aSeMil$bita 100 1 $aBrignoli, Marziano.$0(OLS)http://semarc/name/55199 245 10$aMilano 1915-1918 :$bmanifesti di guerra /$cMarziano Brignoli. - copyr. 1978 (Milano : IGIS) 260 $a[S.l. :$bs.n.],$ccopyr. 1978$e(Milano :$fIGIS,$gcopyr. 1978) 300 $a1 v. :$briccamente ill. ;$c32 cm. 500 $aFondo Card. Giovanni Colombo. 650 4$aMilano - Storia - 1915-1918 - Manifesti di guerra.$0(OLS)http://semarc/subject/26619 850 $aSeMil 852 $aSeMil$W1$xVenegono$y1$m3O VI 48$j88843$B88843$CSeMilBibl$Z2$F93491 $81 941 1 $a3 961 $aLascito: Colombo Card. Giovanni 996 $6245$aMilano 1915-1918 :$bmanifesti di guerra$9(OLS)http://semarc/title/197707 996 $6260$a[S.l. :$bs.n.]$9(OLS)http://semarc/publisher/29751 LEADER 01415nam a2200289 i 4500 001 000000233562 003 CaOOAMICUS 005 20250509144920.0 008 140923s1822 it u000 u ita u 026 $ae,r- lero i.n- ve13 (3) 1822 (A)$apt. 1 026 $aa.po i.no i.n- giIn (3) 1822 (A)$apt. 2 040 $aSeMil$bita 130 0 $aBibbia.$0(OLS)http://semarc/title/402691 245 13$aLa Sacra Bibbia contenente l'Antico ed il Nuovo Testamento, tradotta da Giovanni Diodati. 260 $aBasilea :$bStampata per la Società Biblica. Dai Torchj di Emanuele Thurneisen,$c1822. 300 $a2 pt. ([2], 1040; [2] p.) ;$c8°. 500 $aSegn.: pg2(-pg2] A-3T8, chi1 A-U8 X2 650 4$aBibbia - Traduzione Diodati.$0(OLS)http://semarc/subject/29697 700 1 $aDiodati, Giovanni,$d<1576-1649>.$0(OLS)http://semarc/name/4478 700 1 $aThurneysen, Emanuel$b<1.,$cEditore,$d1707-1739>.$0(OLS)http://semarc/name/3301 850 $aSeMil 852 $aSeMil$W1$xVenegono$y1$m2Y II 92 FA$j183908$B183908$CSeMilBibl$Z2$F194651 $8I 941 1 $a10 961 $aRecupero: Mantegazza 996 $6245$aLa Sacra Bibbia contenente l'Antico ed il Nuovo Testamento, tradotta da Giovanni Diodati$9(OLS)http://semarc/title/333279 996 $6260$aBasilea :$bStampata per la Società Biblica. Dai Torchj di Emanuele Thurneisen$9(OLS)http://semarc/publisher/54066